Statistiques concernant Clubs fondateurs de la Super Ligue

Cliquez ici pour prendre le quiz!

Statistiques générales

  • Ce quiz a été pris 156 fois
  • Le résultat moyen est 10 sur 12

Statistiques - réponses

Championnat d'origine des clubsClubs% Correct
La LigaReal Madrid
96%
La LigaFC Barcelone
95%
Premier LeagueManchester City
95%
Premier LeagueManchester United
95%
Serie AAC Milan
93%
Premier LeagueLiverpool
92%
Premier LeagueChelsea
91%
Serie AInter Milan
91%
Premier LeagueArsenal
90%
La LigaAtlético de Madrid
87%
Premier LeagueTottenham
73%
Serie AJuventus Turin
46%

Distribution des résultats

Percentile par nombre de réponses

% des personnes avec chaque résultat

Votre développement - résultats

Vous n’avez pas pris ce quiz